| 000 | 00479nam a2200193Ia 4500 | ||
|---|---|---|---|
| 008 | 210210b2007 xxu||||| |||| 00| 0 eng d | ||
| 020 | _a8122408923 | ||
| 041 | _aeng | ||
| 082 | _a621 SRIP | ||
| 100 | _aSRINIVASAN (M R) | ||
| 245 | _aPhysics for engineers | ||
| 260 |
_aNew Delhi _bNew Age International (P) Limited Publishers _c2007 |
||
| 300 | _axv,519 | ||
| 650 | _aPhysics | ||
| 650 | _afor | ||
| 650 | _aengineers | ||
| 690 | _aApplied Physics | ||
| 906 | _a062915 | ||
| 999 |
_c130598 _d130598 |
||